The crystal prison (Record no. 302989)

MARC details
000 -LEADER
fixed length control field 00552nam a2200205Ia 4500
008 - FIXED-LENGTH DATA ELEMENTS--GENERAL INFORMATION
fixed length control field 191130s2006##################000#0#eng##
020 ## - INTERNATIONAL STANDARD BOOK NUMBER
ISBN 9780340930359
Paper back/Hardbound pbk
041 ## - LANGUAGE CODE
Language code of text/sound track or separate title eng
082 ## - DEWEY DECIMAL CLASSIFICATION NUMBER
Classification number 823.914 JAR
100 ## - MAIN ENTRY--AUTHOR NAME
Personal name Jarvis, Robin
245 ## - TITLE STATEMENT
Title The crystal prison
Statement of responsibility, etc Robin Jarvis
260 ## - PUBLICATION, DISTRIBUTION, ETC. (IMPRINT)
Place of publication London
Name of publisher Hodder Children’s Books
Year of publication 2006
300 ## - PHYSICAL DESCRIPTION
Number of Pages xiii, 288 p
650 ## - SUBJECT ADDED ENTRY--TOPICAL TERM
Topical Term Conduct of life - Fiction
Topical Term Mice - Fiction
Topical Term Rats - Fiction
Topical Term Supernatural - Fiction
942 ## - ADDED ENTRY ELEMENTS (KOHA)
Koha item type English Books
Holdings
Withdrawn status Lost status Damaged status Not for loan Home library Current library Shelving location Date acquired Full call number Accession Number Price effective from Koha item type
        Anna Centenary Library Anna Centenary Library 4TH FLOOR, B WING 13.08.2025 823.914 JAR 507606 13.08.2025 Books

Find us on the map